[Event "Olympiad-31"]
[Site "Moscow"]
[Date "1994.12.05"]
[Round "5.1"]
[White "Hansen, Lars Bo"]
[Black "Illescas Cordoba, Miguel"]
[Result "0-1"]
[WhiteElo "2580"]
[BlackElo "2590"]
[Annotator "Shipov,S"]
[PlyCount "90"]
[EventDate "1994.12.01"]
[EventType "team-swiss"]
[EventRounds "14"]
[EventCountry "RUS"]
[SourceTitle "CBM 045"]
[Source "ChessBase"]
[SourceDate "1995.04.01"]
[SourceVersion "1"]
[SourceVersionDate "1995.04.01"]
[SourceQuality "1"]
[WhiteTeam "Denmark"]
[BlackTeam "Spain"]
[WhiteTeamCountry "DEN"]
[BlackTeamCountry "ESP"]

1. d4 d5 2. c4 c6 3. Nf3 Nf6 4. Nc3 e6 5. e3 Nbd7 6. Bd3 dxc4 7. Bxc4 b5 8. Bd3
a6 (8... Bb7 9. a3 $1 $14) 9. e4 c5 10. d5 (10. e5 $5) 10... Qc7 (10... c4) 11.
O-O Bb7 12. dxe6 fxe6 13. Bc2 (13. Ng5 Qc6 14. Qe2 c4 15. Bc2 Bc5 16. Be3 O-O
17. Rad1 h6 18. Nf3 Qc7 19. Nd4 Rae8 $10 {Karpov,A-Anand,V/Monaco/1994/}) 13...
Be7 (13... c4 14. Ng5 Nc5 15. e5 Qxe5 (15... Qc6 $5 16. f3 Nfd7 17. Nxh7 Nxe5
18. Nxf8 Rxf8 19. Qd4 Ncd3 20. Bxd3 Nxd3 21. Ne4 $10 {Kamsky,G-Shirov,A/Madrid/
1994/}) 16. Re1 Qd6 17. Qxd6 Bxd6 18. Be3 O-O 19. Rad1 Be7 20. Bxc5 Bxc5 21.
Nxe6 Rfc8 $15 {Nikolic,P-Bareev,E/Munich/1994/}) 14. Ng5 Qc6 15. Qf3 h6 $1 16.
Qh3 hxg5 $1 (16... Nf8 17. Be3 $14) 17. Qxh8+ Kf7 18. Qh3 g4 19. Qh4 (19. Qg3
Bd6 20. Bf4 Nh5 $19) 19... Ne5 (19... Nxe4 $2 20. Qh5+ $18) 20. Rd1 {N/} (20.
f3 gxf3 21. gxf3 c4 22. Be3 Ng6 23. Qe1 Rh8 24. Rd1 Bd6 25. Rd2 Qc7 26. Rxd6
Qxd6 27. Qd2 Qe5 28. Rf2 Rh3 $40 {Karpov,A-Kramnik,V/Monaco/1994/}) 20... Bd6
21. Be3 $6 (21. Rxd6 $32 Qxd6 22. Bg5 $13) 21... Bc7 $1 $15 22. Rac1 Rh8 $1 23.
Qxh8 Ng6 24. Qd8 $8 Bxd8 25. Rxd8 b4 $1 26. Ne2 Nxe4 27. Rcd1 $6 (27. f3 $5
$132) 27... Ne5 (27... Nc3 $5 28. R1d7+ Kf6 29. Rxb7 $8 Nxe2+ 30. Kf1 Qxb7 $17)
28. Rb8 $8 Nf6 29. Nf4 g5 30. Rxb7+ Qxb7 31. Nd3 Nxd3 32. Bxd3 Ne4 $17 33. Rc1
(33. Bxe4 Qxe4 34. Bxc5 $2 Qc2 35. Rd7+ Kg6 $19) 33... a5 34. g3 (34. Bxc5 $5
Qd5 (34... Nxc5 35. Rxc5 Qd7 36. Bf1 $17) 35. Bxe4 Qxe4 36. Be3 $17) 34... Qd5
35. Bxe4 (35. Bc4 $32) 35... Qxe4 36. Rxc5 (36. Bxc5 Qe2 37. Rb1 Qc2 $19) 36...
Qb1+ 37. Kg2 a4 $19 38. Rxg5 Qe4+ 39. Kg1 e5 (39... Qb1+ 40. Kg2 Qxa2 $19) 40.
Rh5 Qb1+ 41. Kg2 Qxb2 42. Rh7+ Ke6 43. Bc5 Qc2 44. Rh6+ Kf7 45. Bd6 Qc6+ 0-1

[Event "Nordic-ch VISA"]
[Site "Reykjavik"]
[Date "1997.10.16"]
[Round "8"]
[White "Akesson, Ralf"]
[Black "Tisdall, Jonathan D"]
[Result "1-0"]
[WhiteElo "2520"]
[BlackElo "2480"]
[Annotator "Tisdall,J"]
[PlyCount "79"]
[EventDate "1997.10.08"]
[EventType "tourn"]
[EventRounds "13"]
[EventCountry "ISL"]
[EventCategory "10"]
[SourceTitle "CBM 062"]
[Source "ChessBase"]
[SourceDate "1998.01.31"]
[SourceVersion "1"]
[SourceVersionDate "1998.01.31"]
[SourceQuality "1"]

1. Nf3 {Ralf scores the first psychological point. My preparation had been
geared towards a Grünfeld, and it becomes clear that this won't happen. This
is important because it means that I will have to rely on my memory soon,
always a dangerous condition.} Nf6 2. c4 c6 3. d4 d5 4. Nc3 e6 5. e3 Nbd7 6.
Bd3 dxc4 7. Bxc4 b5 8. Bd3 a6 9. e4 c5 10. d5 c4 11. Bc2 Qc7 12. dxe6 fxe6 13.
O-O Bd6 {A rather obscure line that I used to think was better than its
reputation. I am less convinced of this now. Consulting my notebook afterwards,
I realized that Gausel and I had prepared an improvement in the variation that
occurs in the game months before, but that I had simply forgotten it.
Extremely annoyed, I played the line a few days later against Schandorff.
Smelling a rat he deviated with the extremely clever new move 14.Kh1!?, an
over-the-board improvisation that poses black many practical problems which I
was unable to solve. So I managed to procure an absolute minimum with this pet
line.} 14. Nd4 Nb6 {In this particular variation it is vital for black to keep
special watch on the d5 square, as the advance ...e6-e5 is essential for his
counterplay.} 15. Kh1 {The most accurate move, creating the threat of
capturing on b5.} Bd7 16. f4 e5 17. Nf3 Bg4 18. a4 {The thematic way of
gaining the initiative in this line. Nevertheless, these moves were taking
quite a bit of time since Åkesson was not familiar with the variation and I
was having real trouble remembering it.} exf4 (18... b4 19. a5 {is white's
intention, either getting access to d5 or ruining black's pawn structure.}) 19.
axb5 a5 20. e5 $5 {The first new move, and much more energetic than the old
variation introduced by the more cautious} (20. Qe1 {.}) 20... Bxe5 21. Qe1
Bxf3 22. Bxf4 Nbd7 ({Ralf had to work out the line} 22... Bxg2+ 23. Kxg2 Nbd7 {
which I rejected intuitively. After} 24. Bxe5 Nxe5 (24... Qxe5 25. Qxe5+ Nxe5
26. Rae1 Nfd7 27. Rf5 $16) 25. Rf5 Nfd7 {Black's position is miserable, and
either} (25... Nfg4 26. h3) 26. Qe4 {intending Te1, or} (26. Rd1 {are strong.})
) 23. Rxf3 O-O 24. b6 $5 {Åkesson continues boldly.} ({I had had to work out
that} 24. Nd5 {did not win at once, and satisfied myself that it did not. But
it is close.} Nxd5 25. Bxh7+ Kh8 {and no disaster befalls black on the h-line:}
(25... Kxh7 26. Qe4+ g6 27. Rh3+ Kg7 28. Bh6+ Kf6 29. Qxd5 {wins.}) 26. Rh3 (
26. Bxe5 Qxe5 $1 (26... Nxe5 $2 27. Rh3 Nf4 28. Bg6+ Kg8 (28... Nxh3 29. Qh4+)
29. Rh8+ {and mates.}) 27. Rh3 (27. Qh4 Rf4 ({or} 27... g5 28. Qh6 Qg7) 28.
Rxf4 Qxf4 29. Qh3 N7b6 {and black defends.})) 26... Bxf4 {and the bishop drops
back to h6, or}) 24... Qxb6 $6 {A crass miscalculation. The best move was the
obvious one:} (24... Qb8 $1 {when despite the temporary passivity of his
position, black seems to be quite OK.} 25. Bxe5 (25. b7 Ra7 {and black's
pressure on the b-line and b8-h2 diagonal give him a very comfortable position.
}) 25... Nxe5 26. Rxf6 $5 (26. Rf5 {or}) (26. Rf4 {are better, when white
might retain a small advantage.}) 26... gxf6 (26... Rxf6 27. Nd5 {is not as
dangerous for black as it looks:} Rh6 {gives black strong counterplay against
h2.}) 27. Nd5 {impressed us both in the post mortem as offering white
interesting compensation, though in the privacy of one's home black might be
less impressed. Also,}) ({If} 24... Qd6 {I believe that Åkesson examined} 25.
Ne4 {though with such a complicated game and my fabulous memory, I am not
certain. After} Qxb6 26. Nxf6+ {Black is peculiarly vulnerable to De4 hitting
everything in his position. But perhaps} Qxf6 27. Qe4 Bxf4 28. Qxh7+ Kf7 29.
Raf1 (29. Qh5+ Ke7) 29... Rh8 $1 {is OK for black. So the simple 25.Td1 should
be preferred, which looks to be at least a free move.}) 25. Bxe5 Nxe5 $2 {
A debatable decision, though it seems that there is no way for black to escape
his problems tactically in any case. However, the alternative} (25... Rae8 {
was more complicated.} 26. Re3 Nxe5 (26... Ng4 $5 {has the best chances to
boggle the mind, but it shouldn't work.} 27. Qh4 $5 (27. Bxh7+ Kxh7 28. Qh4+
Kg8 (28... Nh6 29. Nd5 Qc6 {is also fine for black.}) 29. Qxg4 Nxe5 30. Qe2 Nd3
31. Rxe8 Nf2+ 32. Kg1 Nh3+ {with perpetual check.}) 27... Nf2+ (27... Nxe3 28.
Qxh7+ Kf7 29. Qxg7+ Ke6 30. Bd4 {I seem to remember (you know what that means
by now) giving this variation up around here in the post mortem, but it would
have been entertaining to have this in what was certain to have been a wild
time scramble.} Nxc2 (30... Qxb2 31. Qh6+ Nf6 32. Qxe3+ Kf7 {and if nothing
else,} 33. Qc1 {should be sufficient.}) 31. Bxb6 Nxa1 32. Qg6+ {and black's
king position should prove fatal.}) (27... g6 28. Qxg4 Qxe3 29. Qxc4+ Rf7 30.
Bd4 {and white wins now that the last rank threats are defended.}) 28. Kg1 Qxe3
29. Qxh7+ Kf7 30. Qg6+ $18) 27. Rxe5 Rxe5 28. Qxe5 Qxb2 29. Ra2 Qc1+ 30. Nd1
Re8 {and now} 31. Qc3 {or} (31. Qxa5 {is a sufficient defence. Though even
here, black has more tricks since the absence of a pair of rooks means that
white must beware of various attacking ideas much longer - his remaining
pieces are passive and uncoordinated for a while.})) 26. Qxe5 Qxb2 27. Ra2 Qc1+
28. Nd1 Rfe8 29. Qc3 $1 {A rude awakening. I assumed this was impossible due to
} Kh8 (29... Nd5 {but now noticed that} 30. Qxc4 $1 {defends;} (30. Bxh7+ $4
Kxh7 31. Qxc1 Re1+) 30... Re1+ 31. Rf1) 30. Rf1 Rad8 31. Kg1 {Now the tricks
are at an end, and white can mop up.} Re2 32. Qxc4 Qd2 33. Nf2 Qe3 34. Bb3 Rxa2
35. Bxa2 h5 36. Qf7 Qg5 37. Qa7 Qe5 38. Bb1 Re8 39. Bd3 Rc8 40. Bg6 {and
black's flag fell - none too soon. I think was a nice game by Åkesson - very
ambitiously courageously played and many practical problems posed. My
inability to cope with the critical stages of the game would soon become a
habit in this tournament, but that is another story.} 1-0

[Event "Nordic-ch VISA"]
[Site "Reykjavik"]
[Date "1997.10.20"]
[Round "11"]
[White "Schandorff, Lars"]
[Black "Tisdall, Jonathan D"]
[Result "1-0"]
[WhiteElo "2505"]
[BlackElo "2480"]
[Annotator "Tisdall,J"]
[PlyCount "67"]
[EventDate "1997.10.08"]
[EventType "tourn"]
[EventRounds "13"]
[EventCountry "ISL"]
[EventCategory "10"]
[SourceTitle "CBM 062"]
[Source "ChessBase"]
[SourceDate "1998.01.31"]
[SourceVersion "1"]
[SourceVersionDate "1998.01.31"]
[SourceQuality "1"]

1. d4 d5 2. c4 c6 3. Nc3 Nf6 4. Nf3 e6 5. e3 Nbd7 6. Bd3 dxc4 7. Bxc4 b5 8. Bd3
a6 9. e4 c5 10. d5 c4 11. dxe6 fxe6 12. Bc2 Qc7 13. O-O Bd6 14. Kh1 {14.Kh1!?,
an over-the-board improvisation that poses black many practical problems which
I was unable to solve. So I managed to procure an absolute minimum with this
pet line.} (14. Qe2 O-O 15. h3 Bb7 16. Bg5 Rae8 17. Rad1 Bc5 18. Nd4 Ne5 19.
Kh1 h6 20. Bf4 Nfd7 21. Be3 Qb6 22. b4 Bxb4 23. f4 Bxc3 24. fxe5 Rxf1+ 25. Qxf1
Rf8 26. Qe2 Nxe5 27. Qh5 Nd3 28. Bxd3 Bxd4 29. Bxd4 Qxd4 30. Bc2 Qf2 31. Bb1 c3
32. Qe5 c2 33. Bxc2 Qxc2 34. Rd7 Qc1+ 35. Kh2 Qf4+ {0-1 Suvalic-Ciric,D/JUG-ch
1961/MCD-ch}) (14. Nd4 Nb6 15. Kh1 Bd7 16. f4 e5 17. Nf3 Bg4 18. a4 exf4 19.
axb5 a5 20. e5 Bxe5 21. Qe1 Bxf3 22. Bxf4 Nbd7 23. Rxf3 O-O 24. b6 Qxb6 25.
Bxe5 Nxe5 26. Qxe5 Qxb2 27. Ra2 Qc1+ 28. Nd1 Rfe8 29. Qc3 Kh8 30. Rf1 Rad8 31.
Kg1 Re2 32. Qxc4 Qd2 33. Nf2 Qe3 34. Bb3 Rxa2 35. Bxa2 h5 36. Qf7 Qg5 37. Qa7
Qe5 38. Bb1 Re8 39. Bd3 Rc8 40. Bg6 {1-0 Akesson,R-Tisdall,J/Nordic-ch VISA
1997 [Tisdall]}) 14... e5 (14... O-O 15. Nd4 Ne5 16. f4 Nd3 17. Bxd3 cxd3 18.
e5 Bc5 19. Nb3 b4 {[#]} 20. exf6 bxc3 21. Qxd3 Rxf6 22. Qxc3 Bb6 23. Qxc7 Bxc7
24. Be3 Bb7 25. Kg1 Bd5 26. Nd4 Rb8 27. b3 Rb4 28. Rad1 g6 29. g3 a5 30. Rc1
Rf7 31. Nf3 a4 32. Bc5 Rb5 33. b4 Bxa2 34. Nd4 Rb7 35. Ra1 Bd5 36. Rxa4 Bb6 37.
Bxb6 Rxb6 38. Rc1 h5 39. h4 {Milov,V-Sevillano,E/Biel op 1993/TD 93\07/1-0 (61)
}) 15. b3 Nb6 16. bxc4 Nxc4 17. Bb3 Bb7 18. Ng5 O-O-O 19. Ne6 Qc6 20. Nxd8 Rxd8
21. Bg5 Bc5 22. Qf3 Bd4 23. Rac1 Kb8 24. Bxf6 gxf6 25. Nd5 Rf8 26. Qe2 f5 27.
Bxc4 bxc4 28. Rxc4 Qg6 29. Ne7 Qg7 30. Nc6+ Ka8 31. Rd1 Rg8 32. f3 Be3 33. Rd8+
Rxd8 34. Nxd8 1-0

[Event "Gausdal Masters"]
[Site "Gausdal"]
[Date "1995.??.??"]
[Round "?"]
[White "Ostenstad, Berge"]
[Black "Gausel, Einar"]
[Result "0-1"]
[WhiteElo "2485"]
[BlackElo "2490"]
[Annotator "Tisdall,J"]
[PlyCount "76"]
[EventDate "1995.??.??"]
[EventType "tourn"]
[EventRounds "9"]
[EventCountry "NOR"]
[EventCategory "7"]
[SourceTitle "CBM 045 Extra"]
[Source "ChessBase"]
[SourceDate "1995.05.01"]
[SourceVersion "1"]
[SourceVersionDate "1995.05.01"]
[SourceQuality "1"]

1. d4 Nf6 2. c4 e6 3. Nf3 d5 4. Nc3 c6 5. e3 Nbd7 6. Bd3 dxc4 7. Bxc4 b5 8. Bd3
a6 9. e4 c5 10. d5 c4 11. dxe6 fxe6 12. Bc2 Qc7 13. O-O Bd6 $5 {A move which
is relatively untested, and perhaps underrated. White, partially due to
surprise and no doubt also due to the shaky nerves that generally accompany a
bad start, fails to find the most testing move.} 14. Bg5 {A new move as far as
I can determine, and extremely tame. The critical lines begin} (14. Nd4 $1 Nb6
$1 {(It is important to keep d5 under control)} 15. Kh1 (15. Ndxb5 $145 axb5
16. Nxb5 Bxh2+ 17. Kh1 Qe5 18. f4 Bxf4 19. Bxf4 Qxb5 20. Qd6 $40 (20. e5 Nfd5
21. Qh5+ Kd8 $13)) 15... Bd7 16. f4 e5 {with sharp play.}) 14... O-O 15. Bxf6
$6 {Consistent, but not very attractive.} (15. Qe2 {looks much more natural.
Still, I can't help feeling it is much easier to play black here - his pieces
are extremely active, his queenside pawn majority mobile, and the e-pawn a
sturdy defender of key central squares.}) 15... Nxf6 16. Re1 Be5 $1 {Sensible
and strong. Black concentrates on keeping control and avoids the mess of} (
16... Ng4 $6 17. e5 Bxe5 (17... Nxe5 18. Nxe5 Bxe5 19. Qh5) 18. Nxe5 (18. Bxh7+
Kxh7 19. Ng5+ Kg8 20. Qxg4 Bxh2+ 21. Kh1 Bf4) 18... Nxe5 19. Bxh7+ (19. Qh5 Nd3
) 19... Kxh7 20. Qh5+ Kg8 21. Rxe5 {which should favor white.}) 17. Qd2 (17.
Nxe5 Qxe5 {is obviously more pleasant for black, who dominates the board, but
white should have better chances defending that position than one where black
has two powerful bishops as well.}) 17... Ng4 18. h3 Bh2+ $1 19. Kh1 Bf4 20.
Qe2 Ne5 {Black's neat regrouping has maintained the central blockade and
retained the bishop pair.} 21. Nd4 b4 22. Na4 {A poor square but} (22. Nd1 Qb6
{is acutely embarrassing for white.}) 22... Bd7 23. g3 $6 (23. b3 $5 {was
considered a tougher nut to crack, but Ostenstad's (normally) tidy style would
rule out such a surrender of the queenside.}) 23... Bh6 24. f4 {[#]} Nd3 25.
Bxd3 cxd3 26. Qxd3 {The best chance since} (26. Qd1 Qa7 $1 27. Nf3 Qf2 {
is unplayable.}) 26... Bxa4 27. Nxe6 Qc8 28. Nxf8 Qxh3+ 29. Kg1 Rxf8 30. Re3
Bb5 31. Qb3+ Kh8 32. Rd1 (32. Qxb4 Rxf4 $1) 32... Qg4 33. Kh2 g6 $6 {Black
goes slightly on auto-pilot as the tension rises before time control.} (33...
g5 {was a more energetic way of returning the Bh6 to play.}) 34. Rc1 Rd8 $6 (
34... g5 $1 {still looks clearly winning to me:} 35. f5 Qh5+ 36. Kg2 g4 37. Rh1
Qg5 38. Rhe1 Qf6 {After the text move white gets a respite on the kingside and
actually drums up counterplay.}) 35. Qxb4 Bg7 36. e5 h5 37. Rc7 Qd1 $6 (37...
h4 $5 {Again I believe blasting things open should be presribed. Black is
clearly better after} 38. Rxg7 (38. gxh4 a5 $5 {or simply} (38... Rd1 39. Rg3
Qxh4+ 40. Rh3 Rh1+ 41. Kxh1 Qxh3+ 42. Kg1 Qg3+ 43. Kh1 Be2)) 38... hxg3+ 39.
Rxg3 Qe2+ 40. Rg2 (40. Kh3 Qh5+ 41. Kg2 Bc6+) 40... Qh5+) 38. Re1 $4 (38. Qe1 {
keeps the game alive. (One Norwegian commentator was so convinced that black
should be winning, and that the blunder was irrelevant, that he concocted a
"win" beginning with the rather remarkable 38...Qc2+(??).} Rd2+ 39. Kg1 Qxe1+
40. Rxe1 Rxb2 (40... Kg8 41. Rc8+) 41. e6 (41. Rd1 $1 {not only renews the
possibility of e5-e6, it intends the even nastier Rd8+-a8-a7. It is difficult
to see that black is even better here, since the Bg7 is completely redundant.
Black's best is probably to repeat with 38...Qg4!?, aiming for the previous
note.}) 41... Bd4+ 42. Kh1 Be2 {but}) 38... Rd2+ {Ahem. An abrupt finish to a
nervous and important game.} 0-1

[Event "EU-chT (Men) 15th"]
[Site "Gothenburg"]
[Date "2005.08.05"]
[Round "7.4"]
[White "Tikkanen, Hans"]
[Black "Hector, Jonny"]
[Result "1-0"]
[WhiteElo "2316"]
[BlackElo "2534"]
[Annotator "Wells,P"]
[PlyCount "155"]
[EventDate "2005.07.30"]
[EventType "team-swiss"]
[EventRounds "9"]
[EventCountry "SWE"]
[SourceTitle "CBM 109"]
[Source "ChessBase"]
[SourceDate "2005.11.14"]
[SourceVersion "1"]
[SourceVersionDate "2005.11.14"]
[SourceQuality "1"]
[WhiteTeam "Sweden III"]
[BlackTeam "Sweden"]
[WhiteTeamCountry "SWE"]
[BlackTeamCountry "SWE"]

1. d4 d5 2. c4 c6 3. Nf3 Nf6 4. Nc3 e6 5. e3 Nbd7 6. Bd3 dxc4 7. Bxc4 b5 8. Bd3
Bb7 9. O-O a6 10. Qe2 c5 11. Rd1 Qb8 12. a3 Bd6 13. h3 O-O 14. Bc2 b4 15. axb4
cxb4 16. Nb1 e5 17. dxe5 Nxe5 18. Nxe5 Bxe5 19. Nd2 Qc7 20. Nc4 Rac8 21. Bd3
Qc6 22. f3 Bb8 23. Na5 Qc7 24. f4 Ba8 25. Bd2 Ba7 26. Kh2 Nd5 27. Bxa6 Rce8 {
Black has very active pieces and excellent compensation.} 28. Qc4 Qb6 29. Bb5
Rc8 30. Qd4 $2 {[%csl Rg2] Simplification is fine in general in such cases,
but liquidation to an opposite coloured bishops position carries immense
dangers for the white king and would have surely not carried his vote!} Qxb5
31. Qxa7 Nf6 $2 ({Missing the extremely powerful tactical shot} 31... Qe2 $1 {
[%csl Rd2,Rg2] when there appears to be no way that White can adequately cover
both d2 and g2.} 32. e4 (32. Nb7 Rb8) 32... Rc2 33. exd5 Bxd5 34. Qg1 Rxd2 35.
Rxd2 Qxd2 {is the best chance, but very unpalatable for White.}) 32. e4 Bxe4
33. b3 Ra8 34. Qd4 Rfd8 35. Qc4 Qh5 36. Nc6 Qh4 37. Be1 Qxf4+ 38. Bg3 Ng4+ 39.
hxg4 Qh6+ 40. Kg1 Bxc6 41. Rxa8 Rxa8 42. Qxb4 Qe3+ 43. Bf2 Qe6 44. Qc4 Qe8 45.
g5 Rc8 46. Qg4 Rb8 47. b4 Ra8 48. Rd6 Qe5 49. Bg3 Qe3+ 50. Bf2 Qc3 51. Qd4 Qxd4
52. Bxd4 Be8 53. Rb6 Rd8 54. Be3 Rd3 55. Kf2 f6 56. gxf6 gxf6 57. Rxf6 Rb3 58.
Bh6 Bf7 59. Rf4 Rd3 60. b5 Rd6 61. Rg4+ Bg6 62. Be3 Kf7 63. b6 Rd7 64. Rb4 Rb7
65. Bf4 Ke6 66. Bc7 Kd5 67. Ke3 Kc6 68. Rc4+ Kb5 69. Rc3 Bf7 70. Kf4 Rxb6 71.
Bxb6 Kxb6 72. Kg5 Bd5 73. g3 Be4 74. g4 Kb7 75. Kh6 Kb6 76. g5 Bf5 77. Rf3 Bc2
78. Rf7 1-0